[Event "Ä17Â"]
[Site "Loo"]
[Date "2017.04.22"]
[Round "3.12"]
[White "Ïåð÷, Ñîôüÿ."]
[Black "Ñêîìîðîõèíà, Åêàòåðèíà."]
[Result "1-0"]
[WhiteElo "1802"]
[BlackElo "1917"]
[PlyCount "83"]
[EventDate "2017.04.20"]

1. d4 Nf6 2. c4 e6 3. Nc3 Bb4 4. Qc2 Nc6 5. Nf3 d6 6. e4 e5 7. Be3 Bg4 8. d5
Bxc3+ 9. bxc3 Ne7 10. Be2 b6 11. O-O O-O 12. h3 Bh5 13. Rae1 Ne8 14. Nd2 Bg6
15. f4 f5 16. fxe5 dxe5 17. Bd3 f4 18. Bf2 Kh8 19. c5 Nc8 20. Nf3 Qe7 21. c6 h6
22. c4 Bh7 23. Qc3 Nf6 24. Nxe5 Nd6 25. Bd4 Kg8 26. Qc2 g5 27. Ng4 Nxg4 28.
hxg4 Rf7 29. e5 Ne8 30. e6 Rf8 31. Bxh7+ Qxh7 32. Qxh7+ Kxh7 33. Be5 Nd6 34.
Bxd6 cxd6 35. Rf3 Kg7 36. g3 fxg3 37. Rxf8 Kxf8 38. Rf1+ Ke8 39. Rf7 a5 40. a4
Rc8 41. Rh7 Ra8 42. Rh8+ 1-0

[Event "Ä17Â"]
[Site "Loo"]
[Date "2017.04.22"]
[Round "3.13"]
[White "Áó÷åëüíèêîâà, Êñåíèÿ."]
[Black "Êîðîë¸âà, Åâãåíèÿ."]
[Result "0-1"]
[WhiteElo "1776"]
[BlackElo "1909"]
[PlyCount "90"]
[EventDate "2017.04.20"]

1. e4 c5 2. Nf3 e6 3. d4 cxd4 4. Nxd4 a6 5. Nc3 Qc7 6. Bd3 Nf6 7. O-O b5 8. Re1
d6 9. Nf3 Nbd7 10. Bf4 Ne5 11. Nxe5 dxe5 12. Bg5 Bb4 13. Bd2 Bc5 14. Qe2 O-O
15. Kh1 Bd4 16. Bg5 Nd7 17. Nd1 Bb7 18. c3 Ba7 19. f3 Rfc8 20. Nf2 Qa5 21. Bd2
Qd8 22. Be3 Nc5 23. Rad1 Qe7 24. Bb1 Bb8 25. Rd2 Bc6 26. Red1 Nb7 27. Nd3 a5
28. Nc5 Nxc5 29. Bxc5 Qxc5 30. Rd8+ Be8 31. Qd3 Bc7 32. Rxc8 Rxc8 33. Qe2 Bb6
34. Bd3 h6 35. h3 Bd8 36. Kh2 Be7 37. Rd2 Bg5 38. Rd1 b4 39. cxb4 Qxb4 40. a3
Qb6 41. Qe1 a4 42. Qe2 Rb8 43. Rb1 Bb5 44. Bxb5 Qxb5 45. Qc2 Rd8 0-1

[Event "Ä17Â"]
[Site "Loo"]
[Date "2017.04.22"]
[Round "3.14"]
[White "Áóäíèêîâà, Âàðâàðà."]
[Black "Çèííàòóëëèíà, Àäåëÿ."]
[Result "1/2-1/2"]
[WhiteElo "1900"]
[BlackElo "1778"]
[PlyCount "104"]
[EventDate "2017.04.20"]

1. e4 c5 2. Nf3 e6 3. d4 cxd4 4. Nxd4 a6 5. Bd3 Qc7 6. O-O Nf6 7. Qe2 d6 8. c4
Nbd7 9. b3 b6 10. Bb2 Bb7 11. Nd2 Be7 12. f4 O-O 13. Rae1 Rfd8 14. Kh1 Nf8 15.
e5 Ne8 16. N2f3 dxe5 17. fxe5 Rd7 18. Bb1 Rad8 19. Rd1 g6 20. a3 Ng7 21. b4 h5
22. Rc1 Rc8 23. Kg1 Qd8 24. Ba2 Nh7 25. Rcd1 Rcc7 26. Nc2 Ng5 27. Nxg5 Bxg5 28.
Bd4 Rc6 29. Bb3 b5 30. Bc5 Rc8 31. cxb5 axb5 32. Rxd7 Qxd7 33. Rd1 Qe8 34. Nd4
Ba6 35. Bc2 h4 36. Bd3 Rd8 37. Re1 Nh5 38. Bxb5 Nf4 39. Bxe8 Nxe2+ 40. Nxe2
Rxe8 41. Kf2 Bc4 42. a4 Ra8 43. a5 f6 44. exf6 Bxf6 45. Nf4 Kf7 46. Rd1 g5 47.
Ne2 Kg6 48. h3 Rb8 49. Ke3 Rb7 50. Bb6 Bb5 51. Kf2 Rf7 52. Ke3 Rb7 1/2-1/2

[Event "Ä17Â"]
[Site "Loo"]
[Date "2017.04.22"]
[Round "3.15"]
[White "Ôîêèíà, Ýëèíà."]
[Black "Êâà÷êî, Àíàñòàñèÿ."]
[Result "0-1"]
[WhiteElo "1878"]
[BlackElo "1772"]
[PlyCount "54"]
[EventDate "2017.04.20"]

1. e4 e6 2. d4 d5 3. Nc3 f5 4. Nf3 dxe4 5. Ne5 Nf6 6. Bg5 Be7 7. Bxf6 Bxf6 8.
Qh5+ g6 9. Qh6 Qxd4 10. Nc4 Bg7 11. Qf4 Na6 12. Nb5 Qc5 13. O-O-O O-O 14. a4 e5
15. Qg3 Be6 16. Nba3 Rab8 17. h4 f4 18. Qc3 Qxf2 19. Nxe5 Rf5 20. Bxa6 Bxe5 21.
Qb4 c5 22. Qxe4 bxa6 23. g4 Bxb2+ 24. Kb1 Bxa3+ 25. Ka1 Bb2+ 26. Kb1 Bd4+ 27.
Kc1 Be3+ 0-1

[Event "Ä17Â"]
[Site "Loo"]
[Date "2017.04.22"]
[Round "3.16"]
[White "Ãûðãåíîâà, Åêàòåðèíà."]
[Black "Ìóðàâüåâà, Êñåíèÿ."]
[Result "1-0"]
[WhiteElo "1849"]
[BlackElo "1369"]
[PlyCount "49"]
[EventDate "2017.04.20"]

1. d4 d5 2. c4 e6 3. Nc3 Nf6 4. cxd5 Nxd5 5. e4 Nxc3 6. bxc3 Be7 7. Nf3 O-O 8.
Bd3 c5 9. O-O Nc6 10. Be3 cxd4 11. cxd4 b6 12. Rc1 Bb7 13. Qb3 Rc8 14. Rfd1 Nb4
15. Bb1 Rxc1 16. Rxc1 Nc6 17. h3 h6 18. a3 Qd6 19. Rc3 Rc8 20. Qc2 Qd8 21. d5
Na5 22. e5 g6 23. dxe6 Rxc3 24. exf7+ Kxf7 25. Qxg6+ 1-0

[Event "Ä17Â"]
[Site "Loo"]
[Date "2017.04.22"]
[Round "3.17"]
[White "Òàíäåëîâà, Èðèíà."]
[Black "Ãàðìàø, Àëåíà."]
[Result "0-1"]
[WhiteElo "1271"]
[BlackElo "1844"]
[PlyCount "152"]
[EventDate "2017.04.20"]

1. e4 g6 2. Nf3 Bg7 3. d3 d6 4. g3 Nf6 5. Bg2 O-O 6. O-O e5 7. Re1 Nc6 8. Nbd2
h6 9. c3 Nh7 10. Nf1 f5 11. d4 f4 12. Nh4 Ne7 13. dxe5 Bxe5 14. Nf3 Be6 15.
Nxe5 dxe5 16. gxf4 exf4 17. Qd4 Ng5 18. h4 Nh3+ 19. Bxh3 Bxh3 20. Qe5 Qd7 21.
Bxf4 Qg4+ 22. Bg3 Nc6 23. Qd5+ Kg7 24. Ne3 Qf3 25. Kh2 Rad8 26. Qc5 Bc8 27. Ng2
Qg4 28. Kg1 Rde8 29. b4 Rxe4 30. b5 Nd8 31. Rxe4 Qxe4 32. Qxc7+ Nf7 33. Nf4 Bf5
34. b6 axb6 35. Qxb6 Ne5 36. Qe3 Nf3+ 37. Kf1 Qc4+ 38. Kg2 Be4 39. Ne2 Nxh4+
40. Kh3 Qe6+ 41. Kh2 Nf3+ 42. Kg2 Ng5+ 43. Kg1 Nf3+ 44. Kg2 Qg4 45. Nf4 Ng5+
46. Kf1 Qd7 47. Qd4+ Qxd4 48. cxd4 Rc8 49. Re1 Bf3 50. Ne6+ Nxe6 51. Rxe6 Kf7
52. Re1 g5 53. Kg1 h5 54. Rb1 h4 55. Be5 g4 56. Kh2 Rc2 57. Kg1 Rxa2 58. Bf4
Kg6 59. Be5 g3 60. fxg3 h3 61. g4 h2+ 62. Bxh2 Rg2+ 63. Kf1 Rxh2 64. Rb3 Bc6
65. Rg3 Kg5 66. Kg1 Rd2 67. Re3 Rxd4 68. Kf2 Kxg4 69. Rg3+ Kf4 70. Rh3 Rd2+ 71.
Ke1 Rg2 72. Rh4+ Ke3 73. Rh3+ Bf3 74. Kf1 Ra2 75. Kg1 Ra1+ 76. Kh2 Rh1+ 0-1

[Event "Ä17Â"]
[Site "Loo"]
[Date "2017.04.22"]
[Round "3.19"]
[White "Åãîðîâà, Âàëåíòèíà."]
[Black "Àôîíàñüåâà, Àííà."]
[Result "0-1"]
[WhiteElo "1642"]
[BlackElo "2213"]
[PlyCount "94"]
[EventDate "2017.04.20"]

1. e4 c6 2. d4 d5 3. exd5 cxd5 4. Bd3 Nc6 5. Nf3 Bg4 6. c3 Qc7 7. Nbd2 e6 8.
Qc2 Nf6 9. h3 Bh5 10. O-O Bd6 11. Re1 O-O 12. Ng5 Bg6 13. Bxg6 hxg6 14. Nb3 b5
15. Qd3 b4 16. Bd2 a5 17. cxb4 Nxb4 18. Bxb4 Bxb4 19. Rec1 Qf4 20. Nf3 Ne4 21.
a3 Bd6 22. Nbd2 Rfc8 23. h4 Nxd2 24. Qxd2 Qxd2 25. Nxd2 a4 26. Rab1 Bf4 27.
Rxc8+ Rxc8 28. Nf3 Rc1+ 29. Rxc1 Bxc1 30. Ne1 Bxb2 31. Nc2 Kf8 32. Kf1 Ke7 33.
Ke2 Kd6 34. Kd3 e5 35. dxe5+ Kxe5 36. g3 Kd6 37. f3 Kc5 38. g4 Kd6 39. Ke2 Ke5
40. Ke1 Bd4 41. Ke2 Bc5 42. h5 gxh5 43. gxh5 Kf4 44. Kd3 Kxf3 45. Nd4+ Bxd4 46.
Kxd4 Kg4 47. Kxd5 Kxh5 0-1

[Event "Ä17Â"]
[Site "Loo"]
[Date "2017.04.22"]
[Round "3.20"]
[White "Øàõìàòîâà, Êñåíèÿ."]
[Black "Êèðàêîñÿí, Êàìèëà."]
[Result "1/2-1/2"]
[WhiteElo "1903"]
[BlackElo "1803"]
[PlyCount "54"]
[EventDate "2017.04.20"]

1. e4 d5 2. exd5 Qxd5 3. Nc3 Qd6 4. d4 c6 5. Nf3 Bg4 6. Be2 Nd7 7. O-O Ngf6 8.
Be3 e6 9. Qd2 Qc7 10. Bf4 Bd6 11. Bxd6 Qxd6 12. Rad1 O-O 13. Rfe1 Rad8 14. Qc1
Qc7 15. Ne5 Bxe2 16. Rxe2 Nxe5 17. dxe5 Rxd1+ 18. Qxd1 Rd8 19. Rd2 Rxd2 20.
Qxd2 Nd5 21. Nxd5 cxd5 22. Qe2 Qd7 23. Qd2 Qc7 24. Qe2 Qd7 25. Qd2 Qc7 26. Qe2
Qd7 27. Qd2 Qc7 1/2-1/2

[Event "Ä17Â"]
[Site "Loo"]
[Date "2017.04.22"]
[Round "3.21"]
[White "Ïàíêîâà, Þëèÿ."]
[Black "Èâàí÷åíêî, Àëåêñàíäðà."]
[Result "1/2-1/2"]
[WhiteElo "1786"]
[BlackElo "1684"]
[PlyCount "63"]
[EventDate "2017.04.20"]

1. e4 d5 2. exd5 Qxd5 3. Nc3 Qd8 4. d4 Bf5 5. Nf3 Nf6 6. Be2 e6 7. O-O c6 8.
Bf4 Nbd7 9. Nh4 Bg6 10. Nxg6 hxg6 11. Bf3 Be7 12. Qd3 Nb6 13. Rfe1 Kf8 14. Rad1
Bd6 15. Bxd6+ Qxd6 16. h3 Nbd5 17. Nxd5 Nxd5 18. Bxd5 cxd5 19. Qb3 b6 20. Re3
Rc8 21. Rc3 Rxc3 22. Qxc3 Ke7 23. Rd3 Kd7 24. Qb3 Rc8 25. Rc3 Rxc3 26. Qxc3 Qc6
27. Qf3 Ke7 28. Qa3+ Kf6 29. Qf3+ Ke7 30. Qa3+ Kf6 31. Qf3+ Ke7 32. Qa3+
1/2-1/2

[Event "Ä17Â"]
[Site "Loo"]
[Date "2017.04.22"]
[Round "3.22"]
[White "Ñóâåðí¸âà, Àë¸íà."]
[Black "Ñòðîãàíîâà, Êàðèíà."]
[Result "1/2-1/2"]
[WhiteElo "1768"]
[BlackElo "1790"]
[PlyCount "51"]
[EventDate "2017.04.20"]

1. d4 d5 2. c4 Bf5 3. Nf3 Nf6 4. Bf4 e6 5. Qb3 Qc8 6. Nc3 c6 7. Rc1 Be7 8. cxd5
exd5 9. Nb5 Na6 10. Nd6+ Bxd6 11. Bxd6 Ne4 12. Ba3 Qc7 13. Qa4 Bc8 14. e3 b5
15. Bxb5 cxb5 16. Rxc7 bxa4 17. Re7+ Kd8 18. Ne5 Be6 19. Nc6+ Kc8 20. f3 Nf6
21. Nxa7+ Kd8 22. Nc6+ Kc8 23. Na7+ Kd8 24. Nc6+ Kc8 25. Na7+ Kd8 26. Nc6+
1/2-1/2

[Event "Ä17Â"]
[Site "Loo"]
[Date "2017.04.22"]
[Round "3.23"]
[White "Ýñàóëîâà, Ìàðôà."]
[Black "Åìåëüÿíîâà, Âèêòîðèÿ."]
[Result "0-1"]
[WhiteElo "1826"]
[BlackElo "1713"]
[PlyCount "134"]
[EventDate "2017.04.20"]

1. Nf3 Nf6 2. c4 c6 3. d4 d5 4. Qb3 dxc4 5. Qxc4 Nbd7 6. Nc3 e6 7. g3 Bd6 8.
Bg2 O-O 9. O-O e5 10. Rd1 Qe7 11. e4 exd4 12. Nxd4 Ne5 13. Qb3 Rd8 14. Nce2 Bc5
15. Be3 Neg4 16. h3 Nxe3 17. Qxe3 Bb6 18. Qg5 h6 19. Nf5 Bxf5 20. Qxf5 Re8 21.
Nc3 Rad8 22. Rxd8 Rxd8 23. e5 Nd7 24. Re1 Bd4 25. e6 fxe6 26. Rxe6 Qf7 27.
Qxf7+ Kxf7 28. Re4 Nc5 29. Re2 Nd3 30. Nd1 Nc1 31. Rc2 Nxa2 32. Rc4 Bb6 33. Nc3
Nxc3 34. Rxc3 Rd2 35. Rf3+ Ke7 36. b3 a5 37. Bf1 Rd6 38. Bc4 Rf6 39. Kg2 Bd4
40. Rxf6 Bxf6 41. f4 b5 42. Be2 Kd6 43. Kf2 Kc5 44. Bh5 Kb4 45. Bf7 a4 46. bxa4
bxa4 47. Ke3 Kc3 48. g4 a3 49. Ke4 c5 50. Ba2 Kb2 51. Bc4 a2 52. Bxa2 Kxa2 53.
Kd5 Bd4 54. Kc4 Ka3 55. h4 Ka4 56. g5 hxg5 57. fxg5 Ka5 58. h5 Kb6 59. h6 gxh6
60. gxh6 Kc6 61. h7 Bh8 62. Kb3 Kb5 63. Ka2 Kb4 64. Kb1 Kb3 65. Kc1 c4 66. Kd2
c3+ 67. Kd1 Kb2 0-1

[Event "Ä17Â"]
[Site "Loo"]
[Date "2017.04.22"]
[Round "3.24"]
[White "Õîðóíæåâà, Êñåíèÿ."]
[Black "Êîáçåâà, Òàòüÿíà."]
[Result "0-1"]
[WhiteElo "1688"]
[BlackElo "1753"]
[PlyCount "86"]
[EventDate "2017.04.20"]

1. d4 d5 2. c4 e5 3. dxe5 d4 4. Nf3 Nc6 5. g3 Be6 6. b3 Qd7 7. Bg2 Bh3 8. O-O
h5 9. e3 h4 10. Bxh3 Qxh3 11. Ng5 Qf5 12. exd4 Be7 13. Qf3 Nxd4 14. Qxf5 Nxf5
15. Nc3 f6 16. Nf3 fxe5 17. Nxe5 Bf6 18. Re1 O-O-O 19. Bb2 Nd4 20. Nf7 Nf3+ 21.
Kf1 Nxe1 22. Nxd8 Nd3 23. Nf7 Rh7 24. Ke2 Nxb2 25. Kd2 g6 26. Re1 Rxf7 27. Re8+
Kd7 28. Rxg8 Bxc3+ 29. Kxc3 Nd1+ 30. Kd4 Rxf2 31. Rg7+ Kd8 32. Rxg6 Rxh2 33.
Ke5 hxg3 34. Rxg3 Rxa2 35. b4 Re2+ 36. Kd4 Rd2+ 37. Ke5 Nb2 38. Ke6 Rd6+ 39.
Kf5 Nxc4 40. Rg8+ Kd7 41. Rg7+ Kc6 42. b5+ Kb6 43. Ke4 Na3 0-1

[Event "Ä17Â"]
[Site "Loo"]
[Date "2017.04.22"]
[Round "3.25"]
[White "Áû÷åíêîâà, Þëèÿ."]
[Black "Ïîïîâà, Äàðüÿ."]
[Result "1-0"]
[WhiteElo "1730"]
[BlackElo "1504"]
[PlyCount "53"]
[EventDate "2017.04.20"]

1. d4 Nf6 2. Nf3 g6 3. c4 Bg7 4. Nc3 d6 5. Bf4 O-O 6. e3 Nbd7 7. h3 c5 8. Be2
a6 9. O-O Nh5 10. Bh2 h6 11. Rc1 f5 12. Nh4 g5 13. Ng6 Nhf6 14. Nxf8 Qxf8 15.
Bf3 Kh8 16. Nd5 Nxd5 17. Bxd5 cxd4 18. exd4 Qf6 19. Re1 Nf8 20. b3 Ng6 21. Qh5
Kh7 22. Rcd1 e5 23. dxe5 dxe5 24. Bxe5 Nxe5 25. Qe8 Rb8 26. Bg8+ Kh8 27. Bf7+
1-0

[Event "Ä15Â"]
[Site "Loo"]
[Date "2017.04.22"]
[Round "3.1"]
[White "Âèíîêóð, Þëèÿ."]
[Black "Ëåâè÷åâà, Åêàòåðèíà."]
[Result "1-0"]
[WhiteElo "2233"]
[BlackElo "1884"]
[PlyCount "85"]
[EventDate "2017.04.20"]

1. e4 e6 2. d3 d5 3. Nd2 Nf6 4. g3 dxe4 5. dxe4 Nc6 6. Bg2 Bc5 7. Ngf3 O-O 8.
O-O e5 9. Qe2 Bg4 10. c3 a6 11. b4 Be7 12. h3 Be6 13. Nc4 Nd7 14. Rd1 f6 15.
Ne3 Qe8 16. Nd5 Bd6 17. Be3 Ne7 18. Nd2 Nxd5 19. exd5 Bf5 20. Nc4 Qg6 21. g4
Bc2 22. Rd2 Ba4 23. Nb2 b5 24. Nxa4 bxa4 25. Qd1 e4 26. Rd4 f5 27. gxf5 Rxf5
28. Rxe4 Nf6 29. Re6 Re8 30. Rxe8+ Qxe8 31. Qd4 Qh5 32. Re1 Nxd5 33. Bd2 Ne7
34. Qc4+ Qf7 35. Qxf7+ Kxf7 36. Be4 Rf6 37. Bc2 a3 38. Kg2 c5 39. Bg5 cxb4 40.
Bxf6 Kxf6 41. Bb3 Be5 42. cxb4 Nc6 43. f4 1-0

[Event "Ä15Â"]
[Site "Loo"]
[Date "2017.04.22"]
[Round "3.2"]
[White "Ïîãîðåëüñêèõ, Ñîôüÿ."]
[Black "Ìèðîøíèê, Åêàòåðèíà."]
[Result "0-1"]
[WhiteElo "1880"]
[BlackElo "2116"]
[PlyCount "128"]
[EventDate "2017.04.20"]

1. e4 c5 2. Nf3 d6 3. d4 cxd4 4. Nxd4 Nf6 5. Nc3 a6 6. Bg5 e6 7. f4 Be7 8. Qf3
h6 9. Bh4 Qb6 10. O-O-O Nc6 11. Bf2 Qc7 12. Nxc6 bxc6 13. Bc4 d5 14. Bb3 a5 15.
exd5 cxd5 16. f5 Bd7 17. fxe6 fxe6 18. Ba4 O-O 19. Bxd7 Qxd7 20. Qe2 Bb4 21.
Bd4 Rae8 22. a3 Bd6 23. Rhf1 e5 24. Bf2 d4 25. Ne4 Nxe4 26. Qxe4 Qb5 27. Qd3
Qd5 28. Qg6 Re6 29. Qg4 Ref6 30. Qe2 Qxg2 31. Rd2 Kh8 32. Qd1 Qd5 33. Kb1 Rb8
34. Ka1 Qb5 35. Qc1 Qc4 36. Rdd1 Bc5 37. Bg3 Rxf1 38. Rxf1 Bd6 39. Re1 Qd5 40.
Qd2 Qb5 41. c3 d3 42. c4 Qxc4 43. Bxe5 Bxe5 44. Rxe5 a4 45. Re3 Rf8 46. Re1 Qd4
47. Rd1 Rf3 48. Qb4 Qd7 49. Qd2 Qe6 50. Qc3 Qd5 51. Qc8+ Kh7 52. Qc3 Re3 53.
Rg1 Re7 54. Rd1 Rd7 55. Rd2 Qe4 56. b4 axb3 57. Qxb3 Qe1+ 58. Rd1 Qe5+ 59. Qb2
Qd5 60. Rd2 Rb7 61. Qc1 Rb3 62. a4 Qd4+ 63. Rb2 Qxa4+ 64. Kb1 Ra3 0-1

[Event "Ä15Â"]
[Site "Loo"]
[Date "2017.04.22"]
[Round "3.3"]
[White "Òèòèåâñêàÿ, Åëèçàâåòà."]
[Black "Ãåòüìàí, Òàòüÿíà."]
[Result "1/2-1/2"]
[WhiteElo "1762"]
[BlackElo "1972"]
[PlyCount "101"]
[EventDate "2017.04.20"]

1. e4 e6 2. d4 d5 3. Nc3 Nf6 4. Bg5 Be7 5. e5 Nfd7 6. Bxe7 Qxe7 7. f4 a6 8. Nf3
c5 9. Qd2 Nc6 10. dxc5 Qxc5 11. O-O-O b5 12. Ne2 Bb7 13. Nfd4 O-O-O 14. Nxc6
Qxc6 15. Nd4 Qb6 16. g3 Kb8 17. Bg2 Rc8 18. Kb1 b4 19. Rhe1 Nc5 20. Re3 Rhe8
21. g4 a5 22. a3 Ba6 23. axb4 axb4 24. Nb3 Nb7 25. Qd4 Qc6 26. Rd2 Qa4 27. Rf2
Rc4 28. Qd1 Rec8 29. Bf1 R4c7 30. Bxa6 Qxa6 31. Qd3 Qa7 32. Ref3 Nc5 33. Nxc5
Rxc5 34. Qd4 Qb7 35. Rb3 Rb5 36. Qd3 g6 37. f5 Ra5 38. Rf4 Rb5 39. fxg6 fxg6
40. Qxb5 Qxb5 41. Rfxb4 Qxb4 42. Rxb4+ Kc7 43. Rf4 Kc6 44. Rf7 d4 45. Rxh7 Rg8
46. Kc1 Kd5 47. Kd2 Ke4 48. h3 Rf8 49. Ke2 Rc8 50. Kd2 Rf8 51. Ke2 1/2-1/2

[Event "Ä15Â"]
[Site "Loo"]
[Date "2017.04.22"]
[Round "3.4"]
[White "Áóëàòîâà, Êàìàëèÿ."]
[Black "Äàâûäîâà, Êèðà."]
[Result "1-0"]
[WhiteElo "1957"]
[BlackElo "1769"]
[PlyCount "95"]
[EventDate "2017.04.20"]

1. d4 d6 2. e4 Nf6 3. Nc3 g6 4. Bg5 c6 5. Qd2 b5 6. Bxf6 exf6 7. Bd3 Bg7 8. f4
O-O 9. Nf3 b4 10. Ne2 c5 11. c3 Na6 12. O-O Bb7 13. d5 Qb6 14. c4 Rfe8 15. Rae1
Bc8 16. Kh1 Qd8 17. Nc1 Bd7 18. Qf2 h6 19. Qg3 Qc7 20. Nh4 g5 21. Nf3 Rad8 22.
Ne2 Qc8 23. f5 Nb8 24. Qg4 Qc7 25. Qh5 Bc8 26. h4 Nd7 27. Neg1 Ne5 28. Nxe5
dxe5 29. Nf3 Qe7 30. Nh2 Qf8 31. Re3 Rd6 32. Ref3 Qe7 33. Ng4 Qf8 34. Rh3 a5
35. Nh2 Qe7 36. Rff3 a4 37. Rfg3 Bd7 38. Ng4 Qf8 39. Nf2 Qe7 40. Qd1 Qf8 41.
Bc2 Ra6 42. Bb1 Rd6 43. Rh2 Qe7 44. Qh5 Ra6 45. Nh3 Rd6 46. hxg5 fxg5 47. Nxg5
hxg5 48. Rxg5 1-0

[Event "Ä15Â"]
[Site "Loo"]
[Date "2017.04.22"]
[Round "3.5"]
[White "Ñîëîæåíêèíà, Åëèçàâåòà."]
[Black "Ùåäðîâà, Òàòüÿíà."]
[Result "1-0"]
[WhiteElo "2234"]
[BlackElo "1547"]
[PlyCount "91"]
[EventDate "2017.04.20"]

1. e4 c6 2. d4 d5 3. e5 Bf5 4. Nf3 e6 5. Be2 c5 6. Be3 Nd7 7. O-O Ne7 8. dxc5
Nc6 9. Nd4 Nxd4 10. Bxd4 Bxc5 11. Bxc5 Nxc5 12. Bb5+ Nd7 13. Nd2 O-O 14. Bxd7
Qxd7 15. c3 Rac8 16. Nb3 Qc7 17. Re1 a6 18. Nd4 Bg6 19. Qg4 Rfe8 20. h4 h6 21.
Re3 Kh8 22. Rae1 Qe7 23. Rg3 Rg8 24. h5 Bh7 25. a4 Qd7 26. b3 Rc7 27. Kh2 Qc8
28. Ree3 Qd7 29. Qf4 Qe8 30. Rh3 Qe7 31. g4 Qg5 32. Qg3 g6 33. f4 Qe7 34. hxg6
Rxg6 35. Rh4 Qf8 36. Qh3 Qg7 37. f5 exf5 38. Nxf5 Qf8 39. Nxh6 Rg5 40. Nf5 Qg8
41. Rg3 Re7 42. Rh6 Rg6 43. Rh5 Rg5 44. Qh4 Rxh5 45. gxh5 Qd8 46. Qd4 1-0

[Event "Ä15Â"]
[Site "Loo"]
[Date "2017.04.22"]
[Round "3.6"]
[White "Ãàðèôóëëèíà, Ëåÿ."]
[Black "Âûðòîñó, Íàòàëüÿ."]
[Result "0-1"]
[WhiteElo "2015"]
[BlackElo "1871"]
[PlyCount "184"]
[EventDate "2017.04.20"]

1. e4 e6 2. d4 d5 3. Nc3 Bb4 4. e5 b6 5. Qg4 Bf8 6. h4 Qd7 7. h5 h6 8. Bd2 Ne7
9. Nf3 Ba6 10. Bxa6 Nxa6 11. O-O Nf5 12. Qf4 Be7 13. Ne2 c5 14. c3 cxd4 15.
cxd4 O-O 16. Ng3 Nxg3 17. Qxg3 Kh8 18. a3 Rac8 19. Ne1 Nb8 20. f4 Nc6 21. Qd3
Nxd4 22. b4 Rc4 23. Nf3 Nxf3+ 24. Rxf3 Qc7 25. Re1 Rd8 26. f5 Re4 27. f6 Bf8
28. Ref1 Qxe5 29. fxg7+ Bxg7 30. Rxf7 Qxh5 31. Bc3 e5 32. Qg3 Rg4 33. Qf3 Qg5
34. Rf5 Rf4 35. Rxf4 Qxf4 36. Qxf4 exf4 37. Bxg7+ Kxg7 38. Rxf4 Rf8 39. Rg4+
Kf6 40. Kf2 h5 41. Rg3 Re8 42. Rf3+ Kg6 43. Rg3+ Kf6 44. Rf3+ Ke6 45. Re3+ Kd7
46. Rg3 h4 47. Rg7+ Kc6 48. Rxa7 Kb5 49. Rd7 Kc4 50. Rd6 Rf8+ 51. Ke2 Re8+ 52.
Kd1 Rg8 53. Rh6 Rg4 54. Rh5 b5 55. Kc1 Rd4 56. Kc2 Rf4 57. Kd1 d4 58. Kd2 Rf2+
59. Ke1 Ra2 60. Rxh4 Rxa3 61. g4 d3 62. Rh8 Ra1+ 63. Kd2 Ra2+ 64. Kd1 Rg2 65.
Rc8+ Kxb4 66. Rd8 Kc3 67. Rc8+ Kb2 68. Rb8 Kc3 69. Rc8+ Kd4 70. Rd8+ Ke3 71.
Re8+ Kf4 72. Rf8+ Ke3 73. Re8+ Kd4 74. Rd8+ Ke4 75. Re8+ Kd4 76. Rd8+ Kc3 77.
Rc8+ Kb3 78. Rg8 b4 79. g5 Kb2 80. g6 b3 81. g7 d2 82. Ra8 Rxg7 83. Kxd2 Rg4
84. Ke2 Kc2 85. Rc8+ Kb1 86. Rb8 b2 87. Ra8 Rd4 88. Ke3 Kc2 89. Rc8+ Kd1 90.
Rb8 Rd2 91. Rb7 Kc1 92. Rb8 Rc2 0-1

[Event "Ä15Â"]
[Site "Loo"]
[Date "2017.04.22"]
[Round "3.7"]
[White "Þðàñîâà, Äàðüÿ."]
[Black "Çàéöåâà, Ëþäìèëà."]
[Result "1-0"]
[WhiteElo "1907"]
[BlackElo "1953"]
[PlyCount "85"]
[EventDate "2017.04.20"]

1. d4 g6 2. Bg5 Bg7 3. c3 d5 4. Nf3 Nf6 5. e3 O-O 6. Bd3 Nbd7 7. Nbd2 c5 8. O-O
b6 9. h3 Bb7 10. Rc1 Ne4 11. Bf4 h6 12. Qc2 f5 13. Rfd1 g5 14. Bh2 Qe8 15. Bb5
Rd8 16. Ne5 Bxe5 17. dxe5 e6 18. Nxe4 fxe4 19. Qe2 Qf7 20. Rd2 Nb8 21. Qg4 Qf5
22. Qxf5 Rxf5 23. Be2 Rff8 24. Bg4 Rfe8 25. Rcd1 Ba6 26. Bh5 Rf8 27. Bg4 Kf7
28. f4 Ke7 29. Bg3 Rh8 30. Bh5 Nc6 31. h4 Rdg8 32. f5 g4 33. f6+ Kf8 34. Rxd5
exd5 35. e6 Rh7 36. Bd6+ Re7 37. Rxd5 Rgg7 38. Bxe7+ Rxe7 39. fxe7+ Kxe7 40.
Bxg4 Bc8 41. Rh5 Bxe6 42. Bxe6 Kxe6 43. Rxh6+ 1-0

[Event "Ä15Â"]
[Site "Loo"]
[Date "2017.04.22"]
[Round "3.8"]
[White "Àôàíàñüåâà, Àëåêñàíäðà."]
[Black "Ãèðøãîðí, Ìàðèÿ."]
[Result "1/2-1/2"]
[WhiteElo "1950"]
[BlackElo "1813"]
[PlyCount "81"]
[EventDate "2017.04.20"]

1. e4 g6 2. d4 Bg7 3. Nf3 d6 4. Nc3 Nf6 5. Be2 O-O 6. O-O Bg4 7. Be3 Nc6 8. Qd2
e5 9. d5 Ne7 10. h3 Bxf3 11. Bxf3 Nd7 12. Be2 f5 13. f4 exf4 14. Bxf4 Nc5 15.
exf5 Nxf5 16. Rae1 Qf6 17. Be3 Qe5 18. Bf4 Qd4+ 19. Qxd4 Nxd4 20. Bd1 Rae8 21.
Bd2 Rxf1+ 22. Rxf1 b5 23. b4 Nd7 24. a4 a6 25. axb5 axb5 26. Bg4 Ne5 27. Bd1
Nc4 28. Nb1 Nxd2 29. Nxd2 Ne2+ 30. Kf2 Bd4+ 31. Kf3 Re3+ 32. Kg4 Rg3+ 33. Kh4
g5+ 34. Kh5 Nf4+ 35. Rxf4 gxf4 36. Bf3 Kg7 37. Ne4 Rg6 38. Ng5 Rh6+ 39. Kg4 Rg6
40. Kh5 Rh6+ 41. Kg4 1/2-1/2

[Event "Ä15Â"]
[Site "Loo"]
[Date "2017.04.22"]
[Round "3.9"]
[White "Ïîïîâà, Èðèíà."]
[Black "Ïèêàëîâà, Ñîôüÿ."]
[Result "1-0"]
[WhiteElo "1938"]
[BlackElo "1800"]
[PlyCount "59"]
[EventDate "2017.04.20"]

1. d4 d5 2. c4 c6 3. Nc3 Nf6 4. e3 e6 5. Nf3 Nbd7 6. Qc2 Bd6 7. g4 h6 8. Bd2 b6
9. Rg1 Nh7 10. cxd5 exd5 11. Nxd5 cxd5 12. Qc6 Bxh2 13. Nxh2 Rb8 14. Qxd5 Bb7
15. Qd6 Ng5 16. Bb5 Rc8 17. Bb4 a6 18. Qe5+ Ne6 19. Bxd7+ Qxd7 20. Rg3 Qc6 21.
Nf3 Qc2 22. Qd6 Rc7 23. Qxb6 Qxb2 24. Rd1 Bxf3 25. Rxf3 Ng5 26. Rf5 Qc2 27.
Re5+ Kd8 28. Qb8+ Kd7 29. Re7+ Kc6 30. Rxc7+ 1-0

[Event "Ä15Â"]
[Site "Loo"]
[Date "2017.04.22"]
[Round "3.10"]
[White "Âîñêðåñåíñêàÿ, Ìàðòà."]
[Black "Ôèëèïïîâà, Ìàðãàðèòà."]
[Result "1/2-1/2"]
[WhiteElo "2009"]
[BlackElo "1767"]
[PlyCount "81"]
[EventDate "2017.04.20"]

1. d4 Nf6 2. c4 e6 3. Nf3 Bb4+ 4. Bd2 Qe7 5. g3 Bxd2+ 6. Qxd2 Nc6 7. Nc3 d5 8.
cxd5 exd5 9. Bg2 O-O 10. O-O Re8 11. e3 Bf5 12. Nh4 Be4 13. Nxe4 Nxe4 14. Qd3
a6 15. Nf3 Qd6 16. a3 f6 17. Nd2 Nxd2 18. Qxd2 Na7 19. Rfc1 c6 20. Qc2 Qe6 21.
b4 Nb5 22. a4 Nd6 23. Bf1 Rac8 24. Bd3 f5 25. Qb3 b5 26. axb5 axb5 27. Ra7 Nc4
28. Rca1 Rcd8 29. Qc2 Rf8 30. R1a6 Rd7 31. Ra8 Rdf7 32. R6a7 g6 33. Qa2 Kg7 34.
Qa6 Rxa8 35. Rxf7+ Kxf7 36. Qxa8 Kg7 37. Qb7+ Kg8 38. Qb8+ Kg7 39. Qc7+ Kg8 40.
Qb8+ Kg7 41. Qc7+ 1/2-1/2

[Event "Ä15Â"]
[Site "Loo"]
[Date "2017.04.22"]
[Round "3.11"]
[White "Ëîñêóòîâà, Âèêòîðèÿ."]
[Black "Áàèøåâà, Íüóðãóéààíà."]
[Result "1/2-1/2"]
[WhiteElo "1981"]
[BlackElo "1728"]
[PlyCount "128"]
[EventDate "2017.04.20"]

1. e4 c5 2. Nf3 d6 3. Bb5+ Bd7 4. Bxd7+ Qxd7 5. O-O Nc6 6. c3 Nf6 7. d4 cxd4 8.
cxd4 Nxe4 9. d5 Ne5 10. Nxe5 dxe5 11. Re1 Nf6 12. Rxe5 g6 13. Nc3 Bg7 14. Qe2
a6 15. Bd2 Rc8 16. Re1 Rc7 17. Bf4 Qd8 18. d6 Qxd6 19. Re4 Qd7 20. Bxc7 Nxe4
21. Qxe4 Bxc3 22. Qxb7 O-O 23. bxc3 Rc8 24. Qxa6 Rxc7 25. c4 Qd4 26. Qa8+ Kg7
27. Qe4 Qxc4 28. Qxc4 Rxc4 29. Ra1 Ra4 30. Kf1 Kf6 31. Ke2 Ke5 32. Kd3 Kd5 33.
Kc3 Kc5 34. a3 Re4 35. Ra2 Kb5 36. Kb3 Rd4 37. Rb2 e5 38. Kc3+ Kc6 39. Re2 f6
40. Ra2 Ra4 41. Kb3 Rd4 42. a4 Kb6 43. Rc2 Rd3+ 44. Kb4 Rd4+ 45. Kb3 Rd5 46. f3
Rd3+ 47. Kb4 Rd4+ 48. Kb3 Rd3+ 49. Rc3 Rd2 50. Rc2 Rd3+ 51. Kc4 Rd4+ 52. Kb3
Rd3+ 53. Kb4 Rd4+ 54. Rc4 Rd2 55. a5+ Kb7 56. Rh4 h5 57. g3 Ka6 58. Rc4 Kb7 59.
a6+ Kb6 60. Rc8 Rd5 61. Rf8 Rd6 62. Rg8 f5 63. Re8 Kxa6 64. Rxe5 Kb6 1/2-1/2

[Event "Ä15Â"]
[Site "Loo"]
[Date "2017.04.22"]
[Round "3.12"]
[White "Ãóòêîâè÷, Ïîëèíà."]
[Black "Çàêóðèíà, Ìàðèÿ."]
[Result "1/2-1/2"]
[WhiteElo "1952"]
[BlackElo "1704"]
[PlyCount "125"]
[EventDate "2017.04.20"]

1. e4 e5 2. Nf3 Nc6 3. Bb5 Nf6 4. d3 Bc5 5. c3 d6 6. O-O O-O 7. Bg5 Nb8 8. d4
Bb6 9. dxe5 dxe5 10. Qxd8 Rxd8 11. Nxe5 Be6 12. Nf3 c6 13. Be2 Re8 14. Bxf6
gxf6 15. Nbd2 Nd7 16. Nd4 Rad8 17. Kh1 Bxd4 18. cxd4 Nb6 19. Nf3 Bg4 20. Bd3
Bxf3 21. gxf3 Rxd4 22. Rg1+ Kh8 23. Bc2 c5 24. Rac1 Red8 25. Rg3 Rg8 26. f4 f5
27. f3 Rxg3 28. hxg3 c4 29. Kg2 Kg7 30. g4 fxg4 31. fxg4 Nd7 32. Kf3 Nc5 33.
Ke3 Rd8 34. Rh1 h6 35. Rh5 Nd3 36. e5 Nb4 37. Be4 Nd5+ 38. Kf3 c3 39. bxc3 Nxc3
40. Bxb7 Rd3+ 41. Kf2 Nxa2 42. Be4 Rc3 43. f5 Nb4 44. Ke2 Nc6 45. f6+ Kg8 46.
e6 fxe6 47. Rxh6 Ne5 48. g5 Nf7 49. Bh7+ Kf8 50. Rg6 Nxg5 51. Rxg5 Kf7 52. Rg6
a5 53. Rh6 Rc8 54. Ke3 a4 55. Kf4 a3 56. Kg5 Rc5+ 57. Kf4 a2 58. Rh1 Rh5 59.
Ra1 Rxh7 60. Rxa2 Kxf6 61. Ra8 Rh4+ 62. Kg3 Re4 63. Kf3 1/2-1/2